Čierna ovca socbloku
Nicolae Ceausescu - osobnosť, život, jeho prínos pre Rumunsko - budoval komunistické Rumunsko politicky nezávislé od ZSSR.
Guardado en:
| Autor principal: | |
|---|---|
| Formato: | Capítulo de libro |
| Lenguaje: | eslovaco |
| Materias: | |
| Etiquetas: |
Sin Etiquetas, Sea el primero en etiquetar este registro!
|
MARC
| LEADER | 00000naa$a2200000$$$4500 | ||
|---|---|---|---|
| 001 | 0109059 | ||
| 005 | 20240502072214.3 | ||
| 041 | 0 | |a slo | |
| 044 | |a SK | ||
| 245 | 1 | 0 | |a Čierna ovca socbloku |c Peter Greguš |
| 520 | |a Nicolae Ceausescu - osobnosť, život, jeho prínos pre Rumunsko - budoval komunistické Rumunsko politicky nezávislé od ZSSR. | ||
| 610 | 2 | 0 | |a životopisy |
| 610 | 2 | 0 | |a prezidenti |
| 610 | 2 | 0 | |a Rumunsko |
| 100 | 1 | |a Greguš, Peter | |